000
00324nam a2200145Ia 4500
100
_a
Malhotra/D.R/ Gupta /H.C
942
_c
BK
654
_a
Materials
245
_a
Strength Of Materials
260
_b
Satya Prakashan
_a
NEW DELHI
_c
1987
082
_a
620.1
_b
Mal/Gup
300
_a
1064
546
_a
ENGLISH
999
_c
33275
_d
33275